| 000 | 00948 a2200265 4500 | ||
|---|---|---|---|
| 005 | 20180312141950.0 | ||
| 008 | 131030s1985 sp a br|||| 00| 0 spa d | ||
| 020 | _a842415097X | ||
| 040 |
_aCO-BoUCM _bspa _cJose A. Gerena _dJose A. Gerena |
||
| 041 | 0 | 0 | _aspa |
| 100 | 1 |
_aKincaid, Lucy _949460 |
|
| 245 | 1 | 0 |
_aDragón en el bosque _cLucy Kincaid , ilustraciones de Eric Kincaid |
| 250 | _a5a ed | ||
| 260 |
_c1985 _bEverest _aLeón (Castilla y León, España) |
||
| 300 |
_a[28] páginas _bilustraciones a color |
||
| 490 | _aMis primeros cuentos | ||
| 650 | 7 |
_918516 _aLibros ilustrados para niños |
|
| 650 | 7 |
_918524 _aLibros y lectura para niños |
|
| 650 | 7 |
_937709 _aLiteratura infantil inglesa |
|
| 650 | 7 |
_99115 _aAnimales en la literatura |
|
| 690 |
_942863 _aLiteratura europea |
||
| 700 | 1 |
_aKincaid, Eric _eilustrador _949462 |
|
| 942 |
_a18 _cLIBRO _e5 _mK511dr _2DEWEY _h828.914 _n0 |
||
| 999 |
_c183269 _d183269 |
||